| 000 | 00668nam a2200205 a 4500 | ||
|---|---|---|---|
| 001 | 2473 | ||
| 003 | CDMR | ||
| 005 | 20131107100930.0 | ||
| 008 | 130130s1987||||||||||||||||||||||||||||d | ||
| 020 | _a8430914218 | ||
| 040 |
_aCDMR _bcat _cCDMR |
||
| 100 | 1 |
_aSaunders, Robert J. _91853 |
|
| 245 | 1 | 4 |
_aLas telecomunicaciones y el desarrollo económico _cRobert J. Saunders, Jeremy J. Warford, Björn Wellenius |
| 260 |
_aMadrid _c1987 _bTecnos |
||
| 300 | _a396 p. | ||
| 650 | 0 | 4 |
_93178 _aMitjans de comunicació de massa _xAspectes econòmics |
| 650 | 0 | 4 |
_91243 _aComunicació _xInnovacions tecnològiques |
| 650 | 0 | 4 |
_94180 _aSistemes de telecomunicació |
| 942 |
_cMON _2udc |
||
| 999 |
_c2473 _d2473 |
||